000 01460cam a22004454i 4500
003 PE-LiUPU
005 20250731173452.0
008 150616s1992 miu r 000 0 spa d
035 _a(Sirsi) a6500
040 _aPE-LiUPU
_bspa
_cPE-LiUPU
_erda
049 _aPRUA
082 0 4 _a223.7077
_bL31
_221
100 1 _aLawson, George,
_eautor.
245 1 0 _aCommentary on Proverbs /
_cGeorge Lawson.
264 1 _aMichigan :
_bKregel Publications,
_c1992.
300 _a571 páginas ;
_c21 centímetros
336 _atext
_2rdacontent
337 _aunmediated
_2rdamedia
338 _avolume
_2rdacarrier
505 0 _aComentarios del libro de Proverbios Proverbios.
526 _aSEG42
526 _aSEG41
526 _aSEG40
526 _aSEG39
526 _aP94
526 _aP87
526 _aP86
526 _aP85
526 _aP77
526 _aP76
526 _aP35
630 _aBiblia.
_pA.T.
_pProverbios
_xComentarios.
910 _ajck
_bjvq
_cjck
942 _2ddc
_cBOOK
949 _a223.7077 L31
_wDEWEY
_c1
_i39867
_lCCODEBUL1
_mBUL
_p25.00
_r0
_sY
_tBOOK
_u19951120
_xTEOLOGIA
_zUNKNOWN
_0COMPRA
_o.STAFF. Colección Teología
994 _aC0
_bPEPRU
596 _a1
999 _a223.7077 L31
_wDEWEY
_c57641
_i39867
_d57641
_e2016-4-4
_f2021-11-11
_g5
_lCCODEBUL1
_mBUL
_n1
_p25.00
_r0
_sY
_tBOOK
_u2015-6-16
_xTEOLOGIA
_PP35
_0COMPRA
_o.STAFF. Colección Teología
980 _81
_gALBERTO SANCHEZ Responsable de Automatización